Lanthanoide - Statistiken

Allgemein
  • Dieses Quiz wurde 7 mal gespielt
  • Das Durchschnittsergebnis liegt bei 12 aus 15
Antwortstatistiken
Hint Antwort % Korrekt
60 Neodym
100%
58 Cer
80%
68 Erbium
80%
63 Europium
80%
67 Holmium
80%
57 Lanthan
80%
71 Lutetium
80%
59 Praseodym
80%
61 Promethium
80%
62 Samarium
80%
65 Terbium
80%
70 Ytterbium
80%
66 Dysprosium
60%
64 Gadolinium
60%
69 Thulium
60%
Keine übereinstimmenden Quizze gefunden
Verteilung der Resultate
Anzahl Personen mit jedem Resultat
Perzentil nach korrekt beantworteten Fragen
Ihre Resultats-Entwicklung
Sie haben dieses Quiz noch nicht gespielt